000 00926nam a22002177a 4500
005 2009111306196.0
008 091113t xxu||||| |||| 00| 0 eng d
010 _aENG-95462
020 _a8175245603
_c700.00
035 _aEN-78995
037 _bDBAD/PUB
040 _aDPL
245 _aKinanthropometry in physical education and sports
_cedited by Vivek Solanki
260 _aNew Delhi
_bKhel Sahitya Kendra
_c2009
270 _a7/26, Ansari road, Darya Ganj
_bNew Delhi
_e110002
300 _a 347p.
_c22 cm.(Hb)
856 _uhttp://www.loc.gov/catdir/toc/ecip0721/2007025342.html
942 _2ddc
_cEN
_mSOL
999 _c31837
_d31837